ბათუმის შოთა რუსთაველის სახელმწიფო უნივერსიტეტის ბიბლიოთეკა

ჩანაწერი Corporate Name

ჩანაწერთა რაოდენობა, რომელიც გამოყენებულია: 1

001 - CONTROL NUMBER

  • control field: 12490

003 - CONTROL NUMBER IDENTIFIER

  • control field: GE_BSU

005 - DATE AND TIME OF LATEST TRANSACTION

  • control field: 20210916115549.0

008 - FIXED-LENGTH DATA ELEMENTS

  • fixed length control field: 210916|| aca||aabn | a|a d

040 ## - CATALOGING SOURCE

  • Original cataloging agency: GE_BSU
  • Transcribing agency: GE_BSU

110 ## - HEADING--CORPORATE NAME

  • Corporate name or jurisdiction name as entry element: რელიგიის საკითხთა სახელმწ. სააგენტო.

670 ## - SOURCE DATA FOUND

  • Source citation: Work cat.: (GE_BSU)58212: თბილისში მოქმედი საკულტო ნაგებობები 2020 წლის მდგომარეობით = Functioning cult buildings in Tbilisis as of 2020 :